1008 1515 1914 1995 1090 1351 1880 1192 1412 1299 1672 1080 1098 1014 1757 1079 1405 1801 1252 1463 1636 1715 1619 1786 1287 1216 1028 1243 1364 1500 1233 1886 1174 1959 1481 1769 1236 1632 1391 1886 1503 1638 1399 1658 1139 1884 1739 1011 1456 1339 1391 1054 1591 1482 1104 1660 1470 1138 1179 1632 1956 1691 1286 1606 1673 1680 1052 1691 1420 1625 1540 1131 1582 1879 1066 1080 1026 1715 1474 1054 1266 1210 1467 1961 1073 1411 1870 1624 1813 1213 1013 1900 1064 1352 1936 1686 1140 1519 1797 BCNSPRNW ULIB Ver.6.0+V

เปลี่ยนเป็นภาษาไทย

Change to English
 แสดงรายละเอียดบรรณานุกรม
  กลับหน้าหลัก

Brief Record : Get Marc (ISO 2709) : E-mail record : QR code < ปิดหน้าต่าง
LEADER : 00000nam 2200000uu 4500
001    13399111156
003     ULIB
008    110617s||||||||th 000 0 tha d
020    9789744512758
050  4 BF637.58^bป117ค 2551
100 0  ปกรณ์ พรสิริ
245 10 คำสารภาพของคนเคยบ้า/^cปกรณ์ พรสิริ
250    พิมพ์ครั้งที่ 1
260    กรุงเทพฯ :^bสุมหัวคิด,^c 2551
650  7 ประสบการณ์
650  7 คนเคยบ้า
650  7 บ้า
710 1  สุมหัวคิด
945    ^p125^l0^i024642
995    ทศพร
999 ^a ใช้งานได้ทุกระบบ
รายการนี้ยังไม่มีแท็ก
คุณยังไม่ได้ล็อกอิน คุณสามารถมีกิจกรรมร่วมกับเว็บไซต์ได้ แต่ต้องล็อกอินก่อน ::
  ล็อกอิน

รายการสื่อสารสนเทศ

ลำดับที่ ประเภท เลขเรียก/บาร์โค้ด สถานที่ สถานะ
- ไม่พบข้อมูล -

รายการใกล้เคียง
    หัวเรื่อง [ประสบการณ์]
    หัวเรื่อง [บ้า]

BibComment


ยังไม่เคยถูกคอมเมนท์

คอมเมนท์ทรัพยากรรายการนี้
  คอมเมนท์: คำสารภาพของคนเคยบ..


 Copyright 2026. Bcnsprnw @Library